| 000 | 00656nam a22002177a 4500 | ||
|---|---|---|---|
| 001 | BD-DhSAU 3010 | ||
| 003 | BD-DhSAU | ||
| 005 | 20150203141402.0 | ||
| 008 | 150203b1991 ii a|||| |||| 001 0 eng d | ||
| 040 | _aBD-DhSAU | ||
| 082 |
_222 _a631.53 _bADV |
||
| 245 |
_aAdvances in plant breeding Vol 2 / _cEdited by A. K. Mandal, P. K. Ganguli and S. P. Banerjee |
||
| 260 |
_aDelhi : _bCBS Publishers & distributors ; _cc1991. |
||
| 300 |
_axii, 267 p.: _bill. , _c24 cm. |
||
| 504 | _aIncludes bibliography and index | ||
| 590 | _aIMRAN | ||
| 650 | _aPlant breeding | ||
| 700 | _a Mandal, A. K. | ||
| 700 | _aGanguli , P. K. | ||
| 700 | _aBanerjee, S. P. | ||
| 942 |
_2ddc _cBOOK |
||
| 999 |
_c3010 _d3010 |
||